| 000 | 01001nam a2200205Ii 4500 | ||
|---|---|---|---|
| 003 | JO-AjNU | ||
| 008 | 230605s9999||||xx |||||||||||||| ||und|| | ||
| 040 |
_aJO-AjNU _bara _erda _cJO-AjNU |
||
| 041 | _aara | ||
| 050 | 1 | 4 | _aBP184.7.I2634 1988 |
| 100 | 3 |
_aالعسقلاني، أبي الفضل أحمد بن علي بن حجر ؛ شرح و تعليق سمير حسين حلبي ؛ تحقيق وتعليق واخراج احاديث ابراهيم بن اسماعيل آل عصر, _eauthor _935206 |
|
| 245 | 0 | 0 | _aقوة الحجاج في عموم المغفرة للحجاج ويليه تبيين العجب بما ورد في فضل رجب |
| 250 | _aط1 | ||
| 264 | 3 | 1 | _aبيروت: المكتبة العلمية، 1988 |
| 300 |
_aقوة الحجاج84ص؛ تبيين العجب 58ص _bالفهارس الفنية ص55-84 |
||
| 336 |
_atext _btxt _2rdacontent |
||
| 337 |
_aunmediated _bn _2rdamedia |
||
| 338 |
_avolume _bnc _2rdacarrier |
||
| 650 | 4 |
_aالحج- شهررجب- فضائل _935207 |
|
| 999 |
_aA14511 _c18079 _d18079 |
||